[Event "Stay Safe Play From Home 262"]
[Site "Emanuel Lasker Arena"]
[Date "2020.06.29"]
[Round "2"]
[White "Uber_WING"]
[Black "Lazieri3"]
[Result "1-0"]
[WhiteElo "2476"]
[BlackElo "2069"]
[Annotator "TA"]
[PlyCount "149"]
[EventDate "2020.06.29"]
[EventType "swiss (blitz)"]

{[%evp 9,148,80,86,33,127,85,105,91,115,72,198,189,190,150,29999,207,193,149,188,178,183,186,266,277,276,263,263,267,270,262,264,201,198,199,216,203,206,197,241,229,268,153,138,59,54,38,47,16,210,204,216,77,80,30,29,18,20,20,16,20,52,29,640,735,482,0,0,0,0,0,0,0,6231,6203,6243,0,0,0,12818,0,0,0,0,0,29966,0,0,0,12814,0,0,0,0,-29975,-29976,-29976,-29977,-29978,-29978,-29985,-29984,-29984,-29985,-29985,-29986,-29989,-29990,-29992,-29989,-29992,-29990,-29990,-29991,-29993,-29988,-29993,-29994,-29997,-29998,-29998,29992,29993,29993,29994,29994,29994,29994,29995,29996,29996,29996,29997,29999,29998,29998,29997,29997,29998,29998,29999,29999]} 1. e4 c6 2. d3 d5 3. Nc3 dxe4 4. dxe4 Nf6 5. Qxd8+ Kxd8 {[#]} 6. Bg5 $146 {B11: Caro-Kann: Two Knights Variation.} (6. Nf3 $16) ({Predecessor:} 6. Bc4 e6 7. f3 b5 8. Bb3 Kc7 9. Be3 a5 10. a4 b4 11. Nce2 Na6 12. O-O-O {1-0 (56) Sellack,H-Bagin,Y (2156) playchess.com INT 2004}) 6... Bg4 ({Better is} 6... e5 $14) 7. f3 Bh5 8. O-O-O+ {White is better.} Ke8 9. e5 Nd5 (9... Nfd7 $16) 10. Nxd5 $18 cxd5 11. Rxd5 $40 {[%mdl 128] White has strong attack.} e6 $2 (11... a6 $16 12. e6 fxe6) 12. Bb5+ $2 (12. Rd8#) 12... Nc6 13. Rd1 a6 14. Bxc6+ $1 bxc6 15. Ne2 Be7 (15... Bg6 $142 16. h4 h6) 16. Bxe7 Kxe7 17. Nf4 Bg6 18. Rd6 Rhc8 19. Rhd1 Ra7 20. Nd3 Bxd3 21. R1xd3 {[%mdl 4096] Endgame KRR-KRR} ({Don't play} 21. R6xd3 a5 $16) 21... f6 22. f4 fxe5 23. fxe5 Rb7 24. b3 Rcc7 25. Kd2 (25. a4 $18) 25... Rb5 $16 26. R6d4 (26. Rc3 $1 $16) 26... Rxe5 $14 27. Ra4 (27. h4 {is more complex.} a5 28. Rc4 Rd5 29. g3 c5 30. Ra4) 27... a5 28. Re3 Rxe3 $2 (28... Rd7+ $11 29. Rd3 g6) 29. Kxe3 $11 {KR-KR} Ra7 30. Kd4 (30. b4 $18) 30... Kd6 $16 31. Ke4 Rf7 $1 32. Rd4+ Kc7 33. Ke3 Rf5 34. g4 Rd5 35. h3 Rxd4 $4 {[%mdl 8192]} (35... Kd6 $11) 36. Kxd4 $11 {KP-KP} Kd6 37. c4 $2 ({White should try} 37. a3 $18 e5+ 38. Kd3) 37... e5+ 38. Ke4 Ke6 39. c5 {With the idea g5.} Kf6 (39... g5 $5) 40. a3 g6 $2 {[%mdl 8192]} (40... Ke6 $11) 41. h4 $18 h6 {[#]} 42. b4 $2 (42. g5+ $1 $18 {[%mdl 512]} hxg5 43. hxg5+ Ke6 44. a4) 42... axb4 $11 43. axb4 g5 $2 {[%mdl 8192]} (43... Ke6 $11) 44. h5 $2 (44. hxg5+ $18 hxg5 45. Kd3) 44... Ke6 45. Ke3 Kd5 46. Kd3 Ke6 $2 {[%mdl 8192] [#]} (46... e4+ $11 47. Kd2 Ke5) 47. Ke3 $2 (47. Kc4 $1 {mates} Kd7 48. b5 cxb5+ 49. Kxb5 Kc7 50. Kb4 Kd7 51. Kc3 Ke6 52. Kc4) 47... Kd5 48. Kd3 Ke6 $2 {[%mdl 8192] [#]} (48... e4+ $11 49. Kd2 Kd4) 49. Ke4 $2 ({White has to play} 49. Kc4 $1 $18 {aiming for b5.} e4 50. Kd4) 49... Kf6 50. b5 cxb5 {Strongly threatening ...Ke6.} 51. c6 $2 {[%mdl 8192]} (51. Kd5 $11 e4 52. Kxe4) 51... Ke6 52. c7 Kd7 53. Kxe5 {K3P-K3P} b4 54. Kf6 Kxc7 {K3P-KPP} 55. Kg6 b3 56. Kxh6 b2 57. Kxg5 b1=Q 58. Kh6 Qb2 59. g5 Qh8+ 60. Kg6 Kd7 61. h6 Ke7 62. h7 Ke6 63. Kh6 Kf5 64. g6 Qg7+ $4 {[%mdl 8192]} (64... Qa1 65. Kh5 Qh1#) 65. Kxg7 {KP-KP. White mates.} Kg5 66. h8=Q Kf4 67. Qh6+ Ke5 68. Kh7 Kf5 69. g7 Ke5 70. g8=Q Kf5 71. Qgg5+ Ke4 72. Qhh4+ Kf3 73. Qgg3+ Ke2 74. Qhh2+ Kf1 75. Qgg1# {Accuracy: White = 49%, Black = 53%.} 1-0

[Event "Stay Safe Play From Home 262"]
[Site "Emanuel Lasker Arena"]
[Date "2020.06.29"]
[Round "2"]
[White "Broken sword"]
[Black "Lamborghini"]
[Result "1-0"]
[WhiteElo "2453"]
[BlackElo "2223"]
[Annotator "TA"]
[PlyCount "101"]
[EventDate "2020.06.29"]
[EventType "swiss (blitz)"]

{[%evp 19,101,27,72,7,30,11,74,30,53,-18,-10,0,0,0,0,0,0,0,12,0,0,0,5,4,6,4,18,0,13,0,16,25,15,-14,8,0,135,14,224,227,590,0,162,2,5,-22,-21,-22,-6,-30,-29,-37,-37,-39,-22,-29,-22,-22,-22,-22,-22,-22,-22,-22,-22,-22,-22,-22,-22,-30,-14,-29,-7,-46,0,0,278,271,372,373,353,352,6000,5880]} 1. e4 c5 2. Nf3 d6 3. d4 cxd4 4. Nxd4 Nf6 5. Nc3 g6 6. Be3 Bg7 7. f3 O-O 8. Bc4 Nc6 9. Qd2 Bd7 10. Bb3 Qb8 {10...Nxd4 gains popularity.} 11. O-O {B77: Sicilian Dragon: Yugoslav Attack, 9 Bc4 sidelines.} (11. g4 $16) 11... Rc8 {[#]} 12. Rfd1 $146 ({Predecessor:} 12. Nd5 Nxd5 13. exd5 Ne5 14. Rae1 a5 15. a3 a4 16. Ba2 Nc4 17. Bxc4 Rxc4 18. c3 Qc7 {1-0 (28) Meftahi,H (2074)-Zaibi,A (2384) Monastir 2017}) 12... a5 (12... Na5 $11) 13. a3 {White is better.} Ne5 14. Nd5 ({White should try} 14. a4 $14) 14... Nxd5 $11 15. Bxd5 Nc4 16. Bxc4 $1 Rxc4 17. c3 b5 18. Nc2 Qb7 19. Bd4 Bf8 20. Be3 Rac8 21. Bh6 Bxh6 22. Qxh6 Be6 23. Qe3 Qc7 24. h3 h5 25. Qd2 Qc5+ 26. Qe3 (26. Kh1 {with more complications.} Qe5 27. Rf1 R4c5 28. Rf2 Bb3 29. Nd4) 26... Ra4 27. Qxc5 Rxc5 {[#]} (27... dxc5 $11 28. Ne3 b4) 28. Rdc1 (28. Rdb1 $1 $16) 28... Bb3 $2 (28... Rac4 $11) 29. Nd4 $18 Be6 $2 (29... Ba2 {is tougher.} 30. Rd1 (30. Rxa2 Rxd4 {[%mdl 64] Pin} 31. Rca1 Rd3 $11) 30... Bc4) 30. Nc2 $2 (30. Nxe6 $18 fxe6 31. b3) 30... f5 $2 (30... Bb3 $11) 31. exf5 $2 (31. Nd4 $18 Bf7 32. b3 Rxd4 33. cxd4 Rxc1+ 34. Rxc1) 31... Bxf5 $11 32. Ne3 Be6 33. Kf2 Kf7 34. Ke2 Rf4 35. Kd2 h4 36. Re1 a4 37. Rad1 Ba2 38. Rc1 Bb3 39. Ke2 Re5 40. Kf2 g5 41. Ng4 Rxe1 42. Rxe1 {[%mdl 4096] Endgame KRB-KRN} e5 43. Ne3 Ke6 44. Nf1 d5 45. Nd2 Kd6 46. Rc1 Kc5 47. Re1 d4 $2 {[%mdl 8192]} (47... Rf5 $11) 48. Rxe5+ $18 {[%mdl 64] [#] Double Attack} Kd6 49. Rxb5 dxc3 50. bxc3 ({Don't do} 50. Nxb3 axb3 51. bxc3 Ra4 $18) 50... Rf5 $2 (50... Bd5 51. Ke3 Rf8) 51. Rxf5 {Accuracy: White = 69%, Black = 63%.} 1-0

[Event "Stay Safe Play From Home 262"]
[Site "Emanuel Lasker Arena"]
[Date "2020.06.29"]
[Round "2"]
[White "Mepe_Nika"]
[Black "Praveen prasad"]
[Result "1-0"]
[WhiteElo "2435"]
[BlackElo "2234"]
[Annotator "TA"]
[PlyCount "85"]
[EventDate "2020.06.29"]
[EventType "swiss (blitz)"]

{[%evp 9,85,18,27,31,27,26,28,25,31,23,22,26,39,4,20,10,30,19,76,79,63,89,92,-151,109,102,183,56,61,41,117,0,55,62,42,39,115,-84,473,462,358,282,266,159,149,134,127,113,195,195,181,181,206,132,165,164,171,170,262,197,259,252,818,806,840,835,806,805,1020,999,2831,2672,29983,29984,29984,29985,29984,29984]} 1. d4 d5 2. Bf4 c5 3. e3 cxd4 4. exd4 Nf6 5. c3 a6 6. Bd3 {B13: Caro-Kann: Exchange Variation and Panov-Botvinnik Attack.} Nc6 7. Nd2 Bg4 8. Qb3 {White has an edge.} b5 {[%cal Bb7b5,Bb5b4][%mdl 32] [#]} 9. h3 $146 ({Predecessor:} 9. Ngf3 Bxf3 10. Nxf3 e6 11. O-O Bd6 12. Bxd6 Qxd6 13. a4 Na5 14. Qb4 Qxb4 15. cxb4 Nc6 16. axb5 Nxb4 17. Be2 a5 18. Ra4 Ke7 19. Ne5 Rhc8 {½-½ (19) Zeug,K (1613)-Dreiseitel,W (1571) Nuremberg 2015}) 9... Bh5 10. a4 b4 $1 11. Ngf3 $36 {[%mdl 2048] White has good play.} e6 12. O-O Bd6 13. Ne5 Bxe5 (13... Na5 $11 {keeps the balance.} 14. Qc2 bxc3 15. bxc3 Bg6) 14. dxe5 $16 Nd7 15. cxb4 Ncxe5 {[#]} 16. b5 $2 (16. Rfc1 $1 $16) 16... Nxd3 $2 (16... Nc5 $17 {keeps the pressure on.} 17. Qc3 Nexd3 18. Qxg7 Kd7) 17. Qxd3 Bg6 (17... O-O $16) 18. Qe2 ({White should try} 18. Qc3 $18) 18... O-O $14 19. bxa6 Qa5 (19... Nc5 $14) 20. Nb3 ({Better is} 20. Qb5 $16 Qxb5 21. axb5) 20... Qxa6 (20... Qb4 $11 21. Qb5 Qxf4 22. Qxd7 Bd3) 21. Qxa6 Rxa6 22. Rfc1 Nb6 (22... e5 $14 23. Bd2 f6) 23. Rc6 $2 (23. Nc5 $16 {stays on course.} Raa8 24. Be3) 23... Rfa8 $2 {[%mdl 8192]} (23... Rxa4 $17 {and life is bright.} 24. Bd6 Rxa1+ 25. Nxa1 Ra8 26. Rxb6 Rxa1+ 27. Kh2 h5) 24. Nc5 $18 Ra5 25. Rxb6 Rxc5 {[#]} 26. b4 (26. a5 $1 $18 {[%mdl 512]}) 26... Rc4 $16 27. Be5 f6 28. Bd6 e5 (28... d4 $16) 29. a5 $18 d4 {intending ...d3.} 30. a6 d3 {And now ...d2 would win.} 31. Rd1 ({Don't go for} 31. a7 $2 d2 $19) 31... Rcc8 32. b5 Rd8 33. Bc5 e4 (33... Bf7 $142 34. Be3 Bb3) 34. Be3 Bf7 (34... Be8 {was called for.} 35. Rb7 Bxb5) 35. Rb7 Bc4 $2 (35... Bd5) 36. a7 Bb3 37. Rb1 Bc2 38. Ra1 d2 {[#]} 39. Bxd2 $1 {[%mdl 576] Deflection, Promotion} Rxd2 40. Rb8+ {[%mdl 64] Double Attack} Rd8 41. Rxd8+ {White mates.} Rxd8 42. b6 e3 43. a8=Q {Accuracy: White = 58%, Black = 33%.} 1-0

[Event "Stay Safe Play From Home 262"]
[Site "Emanuel Lasker Arena"]
[Date "2020.06.29"]
[Round "2"]
[White "SoulofWolf"]
[Black "BrainThinker22"]
[Result "0-1"]
[WhiteElo "2220"]
[BlackElo "2298"]
[Annotator "NA"]
[PlyCount "128"]
[EventDate "2020.06.29"]
[EventType "swiss (blitz)"]

1. Nf3 {[%emt 0:00:01]} d5 {[%emt 0:00:01]} 2. c4 {[%emt 0:00:00]} e6 {[%emt 0:00:00]} 3. e3 {[%emt 0:00:01]} c5 {[%emt 0:00:00]} 4. b3 {[%emt 0:00:01]} Nc6 {[%emt 0:00:00]} 5. d4 {[%emt 0:00:01]} Nf6 {[%emt 0:00:01]} 6. Bb2 {[%emt 0:00:01]} Be7 {[%emt 0:00:01]} 7. Nbd2 {[%emt 0:00:00]} O-O {[%emt 0:00:01]} 8. Rc1 {[%emt 0:00:00]} Ne4 {[%emt 0:00:01]} 9. Bd3 {[%emt 0:00:01]} f5 {[%emt 0:00:01]} 10. O-O {[%emt 0:00:01]} cxd4 {[%emt 0:00:00]} 11. exd4 {[%emt 0:00:02]} Bf6 {[%emt 0:00:01]} 12. c5 {[%emt 0:00:01]} Bd7 {[%emt 0:00:01]} 13. a3 {[%emt 0:00:01]} a6 {[%emt 0:00:01]} 14. b4 {[%emt 0:00:01]} Rc8 {[%emt 0:00:01]} 15. Re1 {[%emt 0:00:01]} Qe7 {[%emt 0:00:01]} 16. h3 {[%emt 0:00:01]} Rfd8 {[%emt 0:00:01]} 17. Ba1 {[%emt 0:00:01]} Be8 {[%emt 0:00:01]} 18. Qe2 {[%emt 0:00:00]} Bh5 {[%emt 0:00:01]} 19. Qf1 {[%emt 0:00:02]} Nxd2 {[%emt 0:00:03]} 20. Nxd2 {[%emt 0:00:00]} Bxd4 {[%emt 0:00:01]} 21. Bxf5 {[%emt 0:00:06]} Bf7 {[%emt 0:00:02]} 22. Bg4 {[%emt 0:00:01]} Bxa1 {[%emt 0:00:01]} 23. Rxa1 {[%emt 0:00:00]} Qf6 {[%emt 0:00:00]} 24. Bf3 {[%emt 0:00:04]} Nd4 {[%emt 0:00:01]} 25. Bd1 {[%emt 0:00:02]} Nf5 {[%emt 0:00:03]} 26. Bc2 {[%emt 0:00:02]} Nd4 {[%emt 0:00:02]} 27. Bd3 {[%emt 0:00:00]} Bg6 {[%emt 0:00:02]} 28. Bxg6 {[%emt 0:00:04]} Qxg6 {[%emt 0:00:00]} 29. Rac1 {[%emt 0:00:01]} Rf8 {[%emt 0:00:01]} 30. f3 {[%emt 0:00:02]} Rce8 {[%emt 0:00:02]} 31. Qf2 {[%emt 0:00:01]} Nf5 {[%emt 0:00:02]} 32. Nf1 {[%emt 0:00:01]} e5 {[%emt 0:00:02]} 33. Rcd1 {[%emt 0:00:01]} d4 {[%emt 0:00:01]} 34. Re4 {[%emt 0:00:00]} h5 {[%emt 0:00:03]} 35. Rde1 {[%emt 0:00:00]} Qf6 {[%emt 0:00:01]} 36. f4 {[%emt 0:00:01]} h4 {[%emt 0:00:04]} 37. Rxe5 {[%emt 0:00:02]} Rxe5 {[%emt 0:00:01]} 38. fxe5 {[%emt 0:00:00]} Qg5 {[%emt 0:00:01]} 39. e6 {[%emt 0:00:02]} Re8 {[%emt 0:00:01]} 40. Qe2 {[%emt 0:00:03]} Ng3 {[%emt 0:00:03]} 41. Qg4 {[%emt 0:00:01]} Qxg4 {[%emt 0:00:01]} 42. hxg4 {[%emt 0:00:01]} Nxf1 {[%emt 0:00:00]} 43. Kxf1 {[%emt 0:00:00]} g5 {[%emt 0:00:00]} 44. Kf2 {[%emt 0:00:00]} Kg7 {[%emt 0:00:00]} 45. Kf3 {[%emt 0:00:00]} Kf6 {[%emt 0:00:00]} 46. Rf1 {[%emt 0:00:01]} Kxe6 {[%emt 0:00:02]} 47. Ke4 {[%emt 0:00:00]} Kd7+ {[%emt 0:00:01]} 48. Kd3 {[%emt 0:00:00]} Re3+ {[%emt 0:00:01]} 49. Kxd4 {[%emt 0:00:01]} Rg3 {[%emt 0:00:00]} 50. Rf7+ {[%emt 0:00:00]} Ke6 {[%emt 0:00:00]} 51. Rf8 {[%emt 0:00:01]} Rxg4+ {[%emt 0:00:00]} 52. Kc3 {[%emt 0:00:01]} Rxg2 {[%emt 0:00:00]} 53. Re8+ {[%emt 0:00:01]} Kf5 {[%emt 0:00:00]} 54. Kb3 {[%emt 0:00:00]} Kg4 {[%emt 0:00:00]} 55. Ka4 {[%emt 0:00:00]} Rg3 {[%emt 0:00:00]} 56. Rg8 {[%emt 0:00:00]} h3 {[%emt 0:00:00]} 57. Ka5 {[%emt 0:00:00]} h2 {[%emt 0:00:01]} 58. b5 {[%emt 0:00:00]} Rh3 {[%emt 0:00:00]} 59. bxa6 {[%emt 0:00:00]} bxa6 {[%emt 0:00:01]} 60. Kb6 {[%emt 0:00:00]} Rxa3 {[%emt 0:00:00]} 61. Kc6 {[%emt 0:00:01]} Rb3 {[%emt 0:00:00]} 62. Kd6 {[%emt 0:00:00]} Rc3 {[%emt 0:00:00]} 63. Rxg5+ {[%emt 0:00:00]} Kxg5 {[%emt 0:00:02]} 64. c6 {[%emt 0:00:00]} Rxc6+ {[%emt 0:00:00] Czas partii (Lag: Av=0.45s, max=1.2s)} 0-1

[Event "Stay Safe Play From Home 262"]
[Site "Emanuel Lasker Arena"]
[Date "2020.06.29"]
[Round "2"]
[White "Little champs"]
[Black "Kubas"]
[Result "1-0"]
[WhiteElo "2215"]
[BlackElo "2421"]
[Annotator "TA"]
[PlyCount "121"]
[EventDate "2020.06.29"]
[EventType "swiss (blitz)"]

{[%evp 9,121,-25,-29,-45,-6,-40,-37,-49,-47,-42,-15,-20,-19,-18,-2,-16,8,0,0,-45,-23,-60,-55,-66,-67,-95,-69,-27,0,-1,0,0,16,0,23,0,18,0,15,0,0,-89,-50,-64,-22,-16,-28,-30,130,-106,-101,-183,-185,-189,-194,-236,-189,-239,-223,-197,-209,-206,312,312,312,-175,489,481,669,398,587,0,618,611,576,491,837,839,975,889,753,444,1185,543,1144,939,29989,814,811,766,2495,2566,2739,1673,29982,2856,29985,29983,29990,29991,29992,29993,29993,29979,29979,29980,29979,29980,29982,29983,29980,29981,2271,1642]} 1. e4 d6 2. d4 Nf6 3. Nc3 e5 4. dxe5 dxe5 {[#]} 5. Qe2 $146 ({Predecessor:} 5. Qxd8+ Kxd8 6. Bc4 Ke8 7. Nf3 Bd6 8. Bg5 c6 9. a4 a5 10. O-O-O Bc7 11. Nh4 h6 12. Bxf6 gxf6 13. Nf5 Be6 14. Ng7+ Ke7 15. Nf5+ Ke8 16. Ng7+ Ke7 17. Nf5+ Ke8 {½-½ (17) Vitiugov,N (2722)-Bosiocic,M (2625) chess.com INT 2020}) 5... Nc6 6. Bg5 {B07: Pirc Defence: Miscellaneous Systems.} Bc5 7. Rd1 Nd4 8. Qd3 {Black is slightly better.} c6 9. Nf3 Nxf3+ (9... h6 {is more complex.} 10. Be3 Bg4 11. Be2 Bxf3 12. Bxf3 Qe7) 10. Qxf3 Qe7 11. h3 Be6 12. Bd3 O-O 13. O-O h6 14. Bh4 Rad8 15. Bg3 Nd7 16. Qe2 Bd4 17. Bc4 Bxc3 18. bxc3 Bxc4 19. Qxc4 Nb6 20. Qb3 $1 Kh7 21. a4 {[%cal Ba2a4,Ba4a5][%mdl 32]} Qc7 22. a5 Nc8 23. Qb4 f6 24. Rb1 Rf7 25. Qc4 (25. f4 $11) 25... Rfd7 26. a6 b6 27. f4 Nd6 28. Qe2 Re7 $2 {[#]} (28... Nf7 $11) 29. f5 $2 (29. fxe5 $16 {is necessary to keep the advantage.} fxe5 30. Bh4) 29... Nb5 $36 {[%mdl 2048] Black has strong initiative.} 30. Qh5 (30. Qf3 $17) 30... Nxc3 $19 31. Rbe1 Qd7 32. Qg6+ Kh8 33. Bh4 Qe8 34. Qg4 Red7 35. Rf3 Rd4 $4 {[%mdl 8192]} (35... Nb5 $19 {and life is good for Black.} 36. Ree3 Nd4) 36. Rg3 $18 {[%csl Gg3][%cal Rg4g7]} ({Don't take} 36. Rxc3 c5 $18) 36... Qf7 37. Kh2 $4 {[%mdl 8192] [#]} (37. Rxc3 $18 {was the only winning move.} c5 38. Bf2) 37... b5 $4 {[%mdl 8192] Black is now going downhill.} (37... Nb5 $1 $19 {Threatens to win with ...Rc4.} 38. Qf3 Kg8) 38. Rxc3 R8d6 39. Rc5 Kh7 (39... Ra4 $142 40. Bf2 Qd7) 40. Rc3 $2 (40. Bf2 $18) 40... h5 $2 {[%mdl 8192]} (40... Kh8 $11 41. Bf2 Ra4) 41. Qf3 b4 42. Rb3 Kh6 (42... c5 $142 43. Bf2 Rc4) 43. Bf2 Rc4 44. Be3+ Kh7 45. Re2 Rc3 (45... c5 $142 46. Bf2 Rxa6) 46. g4 (46. Rxb4 $142 Qe8 47. Rb7) 46... h4 47. g5 Rxb3 48. cxb3 (48. g6+ $142 Kg8 49. gxf7+ Kxf7 50. Qh5+ Ke7 51. cxb3 Rd3 52. Bxa7 Rc3 53. Qh8) 48... fxg5 49. Bxg5 Kh8 50. Qg4 Kg8 51. Qxh4 Qf8 52. Rg2 (52. Be7 $142 Rh6 53. Qxh6 gxh6 54. Bxf8 Kxf8 55. Rc2 Ke7 56. Rxc6 Kd8 57. Rxh6) 52... Qf7 53. f6 g6 54. Qh6 Qh7 55. Qxh7+ Kxh7 {[%mdl 4096] Endgame KRB-KR} 56. Bh4 Rd7 57. Rf2 Rf7 58. Bg5 Kh8 59. Kg3 Kh7 60. Kg4 Kg8 61. h4 {Accuracy: White = 62%, Black = 45%.} 1-0

[Event "Stay Safe Play From Home 262"]
[Site "Emanuel Lasker Arena"]
[Date "2020.06.29"]
[Round "2"]
[White "Souchov"]
[Black "Klasman"]
[Result "1-0"]
[WhiteElo "1926"]
[BlackElo "1291"]
[Annotator "TA"]
[PlyCount "27"]
[EventDate "2020.06.29"]
[EventType "swiss (blitz)"]

{[%evp 9,27,316,366,373,768,447,437,445,439,433,432,430,436,426,419,296,292,283,315,284]} 1. e4 f5 2. exf5 Nf6 3. d4 d5 4. Bg5 {[#]} Ne4 $146 ({Predecessor:} 4... Bxf5 5. Nf3 g6 6. Nc3 c6 7. Bd3 Ne4 8. Bd2 Nd7 9. O-O Bg7 10. Be3 Qc7 {0-1 (20) Venturas,B (686)-Bieszk,S (850) LSS email 2014}) 5. Qh5+ g6 6. fxg6 {B00: Queen's Fianchetto Defence, Nimzowitsch Defence.} hxg6 $2 (6... Bg7 7. gxh7+ {[%mdl 64] Discovered Attack} Kf8) 7. Qxh8 {[#] And now Bh6 would win.} Nxg5 8. Bd3 {White is clearly winning.} Bf5 9. Bxf5 gxf5 10. Qh5+ {[%mdl 64] [#] Double Attack} Nf7 11. Nf3 e6 12. Ne5 {[%csl Ge5][%cal Rh5f7]} Qf6 13. Nc3 Nc6 14. Nb5 {Accuracy: White = 52%, Black = 45%.} 1-0

[Event "Stay Safe Play From Home 262"]
[Site "Emanuel Lasker Arena"]
[Date "2020.06.29"]
[Round "2"]
[White "Haris kollari 13"]
[Black "Trotsky"]
[Result "0-1"]
[WhiteElo "1771"]
[BlackElo "1589"]
[Annotator "NA"]
[PlyCount "54"]
[EventDate "2020.06.29"]
[EventType "swiss (blitz)"]

1. e4 {[%emt 0:00:01]} c5 {[%emt 0:00:01]} 2. f4 {[%emt 0:00:01]} e6 {[%emt 0:00:00]} 3. Nf3 {[%emt 0:00:01]} d5 {[%emt 0:00:01]} 4. e5 {[%emt 0:00:01]} Nc6 {[%emt 0:00:01]} 5. c3 {[%emt 0:00:01]} Qc7 {[%emt 0:00:01]} 6. b3 {[%emt 0:00:01]} Bd7 {[%emt 0:00:01]} 7. d4 {[%emt 0:00:01]} O-O-O {[%emt 0:00:02]} 8. Be3 {[%emt 0:00:02]} c4 {[%emt 0:00:02]} 9. Be2 {[%emt 0:00:02]} f6 {[%emt 0:00:02]} 10. O-O {[%emt 0:00:01]} fxe5 {[%emt 0:00:01]} 11. fxe5 {[%emt 0:00:01]} h5 {[%emt 0:00:02]} 12. b4 {[%emt 0:00:01]} Nh6 {[%emt 0:00:02]} 13. h3 {[%emt 0:00:02]} Ng4 {[%emt 0:00:01]} 14. hxg4 {[%emt 0:00:02]} hxg4 {[%emt 0:00:01]} 15. Ng5 {[%emt 0:00:01]} Nxe5 {[%emt 0:00:01]} 16. dxe5 {[%emt 0:00:02]} Qxe5 {[%emt 0:00:01]} 17. Bf4 {[%emt 0:00:00]} Qf5 {[%emt 0:00:08]} 18. Bxg4 {[%emt 0:00:02]} Qg6 {[%emt 0:00:02]} 19. Bf3 {[%emt 0:00:11]} e5 {[%emt 0:00:03]} 20. Qxd5 {[%emt 0:00:07]} Bc6 {[%emt 0:00:02]} 21. Bg4+ {[%emt 0:00:04]} Bd7 {[%emt 0:00:07]} 22. Bxd7+ {[%emt 0:00:08]} Rxd7 {[%emt 0:00:01]} 23. Qxe5 {[%emt 0:00:01]} Bd6 {[%emt 0:00:02]} 24. Qe3 {[%emt 0:00:07]} Qh6 {[%emt 0:00:05]} 25. Bxd6 {[%emt 0:00:02]} Qh1+ {[%emt 0:00:01]} 26. Kf2 {[%emt 0:00:01]} Rf8+ {[%emt 0:00:01]} 27. Nf3 {[%emt 0:00:00]} Rxf3+ {[%emt 0:00:02] Time (Lag: Av=0.30s, max=0.8s) .} 0-1

[Event "Stay Safe Play From Home 262"]
[Site "Emanuel Lasker Arena"]
[Date "2020.06.29"]
[Round "2"]
[White "Edmatuag"]
[Black "Bardellosport"]
[Result "0-1"]
[WhiteElo "1706"]
[BlackElo "2004"]
[Annotator "TA"]
[PlyCount "92"]
[EventDate "2020.06.29"]
[EventType "swiss (blitz)"]

{[%evp 9,92,-21,-2,-9,20,1,0,-43,-29,-65,-40,-42,-13,-26,16,16,125,-64,-77,-83,-79,-137,-61,-140,-18,-108,-16,-18,0,-56,-46,-135,0,-61,0,-109,-40,-133,0,0,-10,-64,-47,-35,201,210,217,32,50,-34,20,0,0,-18,13,5,33,-108,-113,-927,-926,-1086,-1086,-1045,-1030,-1118,-1084,-1091,-1059,-1097,-1062,-1048,-1058,-1183,-1177,-1190,-1114,-12839,-12839,-12840,-1239,-12840,-1206,-1115,-1004]} 1. d4 f5 2. Nf3 Nf6 3. e3 g6 4. Bd2 Bg7 5. Nc3 O-O 6. Bd3 {A80: Dutch Defence: Unusual White second moves.} d6 {[#]} 7. Ne2 $146 ({Predecessor:} 7. O-O c6 8. Qe2 Qc7 9. Rfe1 b5 10. e4 e6 11. a3 Nbd7 12. Rab1 Rb8 13. exf5 exf5 {0-1 (33) Olafsson,O-Rist,K (1677) Reykjavik 2015}) 7... Nc6 8. c4 {The position is equal.} e5 9. d5 Nb8 {[#] Threatens to win with ...e4.} 10. Bc2 Qe7 11. O-O e4 12. Nfd4 Nbd7 (12... c5 $11 13. dxc6 Nxc6) 13. f3 $2 (13. Ne6 $16) 13... exf3 $15 14. Nxf3 Ne5 15. Nf4 (15. Nxe5 $142 Qxe5 16. h3) 15... Bd7 ({Black should try} 15... Nxc4 $17 16. Qe2 Nxd2 17. Qxd2 Re8) 16. Nd4 (16. Qe2 $15) 16... Rae8 (16... Nxc4 $17 {Strongly threatening ...Ng4.} 17. Qe2 Nxd2 18. Qxd2 Rac8) 17. Nfe6 (17. Qe2 $11 {remains equal.}) 17... Bxe6 (17... Nxc4 $17 18. Bb3 Nxd2 19. Qxd2 Rf7 20. Nxg7 Rxg7) 18. Nxe6 $11 Rf7 19. Nxg7 (19. Qe2 $11) 19... Kxg7 20. Bc3 (20. Rf4 $15) 20... Nfd7 ({Black should play} 20... Nxc4 $17 21. Re1 Kg8) 21. Re1 (21. Qd4 $11) 21... Kg8 (21... Kf8 $1 $15) 22. Qe2 (22. Qd4 $11) 22... a6 (22... Qh4 $17) 23. Qd2 (23. Ba4 $15) 23... Ng4 (23... Qg5 $17 {aiming for ...Nf3+.} 24. Kh1 Nxc4 {[%mdl 64] Double Attack}) 24. Qd4 {[%csl Gc3][%cal Rd4h8] [#]} Ndf6 {[%cal Rg4e3]} 25. Bd2 (25. Ba4 $11) 25... Qe5 26. Qxe5 Rxe5 $2 (26... Nxe5 $15 27. b3 Ned7) 27. h3 $18 Nh6 28. Bc3 $2 (28. e4 $1 $18) 28... Ree7 29. Kf2 ({Better is} 29. b4 $14) 29... Kf8 (29... Ne4+ $15 30. Bxe4 Rxe4) 30. Rad1 Nhg8 31. e4 fxe4 {White must now prevent ...Nxd5+.} (31... Nxe4+ {looks sharper.} 32. Bxe4 fxe4+ 33. Ke2 Rf5 34. Rf1 Ref7) 32. Kg1 Ke8 (32... Nh6 {seems wilder.} 33. g4 Nhg8 34. Re3 b5 35. b3 bxc4 36. bxc4 Nd7) 33. Bxf6 (33. b3 $14 {keeps the upper hand.}) 33... Nxf6 $17 34. Rxe4 $2 {[%mdl 8192]} (34. Re3 $17) 34... Nxe4 $19 {Black is clearly winning.} 35. Bxe4 Rxe4 36. Rd2 Rfe7 37. Kh2 Kd7 38. b4 c6 39. c5 cxd5 40. Rxd5 R7e6 41. cxd6 Rxd6 42. Rg5 Rd2 43. Rg3 Ree2 44. a3 Ra2 45. h4 Kc7 46. Kh3 Kb8 {Quite a comeback for Black. Accuracy: White = 27%, Black = 30%.} 0-1